| 000 | 00612nam a2200253Ia 4500 | ||
|---|---|---|---|
| 003 | OSt | ||
| 005 | 20240610110615.0 | ||
| 008 | 210210b1962 xxu||||| |||| 00| 0 eng d | ||
| 040 | _cAL | ||
| 041 | _aeng | ||
| 082 | _a886/78 | ||
| 100 |
_aWHITENEY (W D) _9169823 |
||
| 245 | _a Atharva veda sanhita Vol II | ||
| 260 |
_aDelhi _bMotilal banarasidas _c1962 |
||
| 440 |
_a2 _9169824 |
||
| 650 |
_aVol _9169825 |
||
| 650 |
_avEda _9169826 |
||
| 650 |
_asamhita _9169827 |
||
| 650 |
_aI _9169828 |
||
| 650 |
_aAtharva _9169829 |
||
| 690 |
_aSanskrit Criticism _9169830 |
||
| 906 | _a024583 | ||
| 942 |
_2ddc _cBK |
||
| 999 |
_c150120 _d150120 |
||